000 01263nam0a22002771 4500
001 v19\rc\1423424
005 20260406090209.0
035 _a(NLR Aleph) 005224209
090 _a5537036
_c5537036
100 _a20060512d1905 |||y0rusy50 ca
101 0 _arus
102 _aRU
105 _aab z |||||
200 1 _aСвященная история Нового Завета для сред. учеб. заведений
_fСост. законоучителем Петров. уч-ща С.-Петерб. купеч. о-ва Казан. собора свящ. Михаилом Соколовым
205 _a6-е изд.
210 _aСанкт-Петербург
_cП.В. Луковников
_dценз. 1905
215 _a130 с., 1 л. карт.
_cил.
_d23
532 1 3 _aСвященная история Нового Завета для средних учебных заведений
700 1 _4220
_8rus
_7ca
_aСоколов
_bМ. И.
_cсвященник
_f1845-1895
_gМихаил Ильич
_3RU\NLR\AUTH\7757441
_940373
801 2 _aRU
_bNLR
_c20081211
_2rusmarc
801 0 _aRU
_bNLR
_c20060512
_gpsbo
801 0 _aRU
_bRuMoRGB
_c20060512
_2psbo
801 1 _aRU
_bProSoft-M
_c20060512
_2rusmarc
852 _aNLR
_j38.12.6.18
942 _cBOOK
980 _aNB